[Event "Three Continents Championship"]
[Site "SchemingMind.com"]
[Date "2013.01.10"]
[Round "-"]
[White "Olli Ylönen"]
[Black "Jorge Anibal DEKMAK"]
[Result "0-1"]
[WhiteCountry "FIN"]
[BlackCountry "ARG"]
[WhiteElo "1812"]
[WhiteRD "55"]
[BlackElo "2383"]
[BlackRD "92"]
[GameID "324831"]

1. e4 e5 2. Nf3 Nf6 3. Nxe5 d6 4. Nf3 Nxe4 5. d4 d5 6. Bd3 Nc6 7. O-O Be7 8. c4 Nb4 9. Be2 O-O 10. Nc3 Be6
11. Ne5 f6 12. Nf3 Kh8 13. Re1 c5 14. Be3 f5 15. dxc5 dxc4 16. Qa4 a5 17. a3 Na6 18. Bxc4 Naxc5 19. Bxc5 Nxc5 20. Qc2 Bxc4
0-1

[Event "Three Continents Championship"]
[Site "SchemingMind.com"]
[Date "2013.01.10"]
[Round "-"]
[White "Ezedoke"]
[Black "Jorge Anibal DEKMAK"]
[Result "1-0"]
[WhiteCountry "ARG"]
[BlackCountry "ARG"]
[WhiteElo "2377"]
[WhiteRD "67"]
[BlackElo "2334"]
[BlackRD "82"]
[GameID "324832"]

1. e4 e5 2. Nf3 Nf6 3. Nxe5 d6 4. Nf3 Nxe4 5. Nc3 Nxc3 6. dxc3 Be7 7. Be3 O-O 8. Qd2 Nd7 9. O-O-O Ne5 10. Kb1 c6
11. Be2 Qa5 12. Rhe1 Be6 13. c4 Qxd2 14. Nxd2 Rfe8 15. a3 Ng6 16. g3 Ne5 17. f4 Ng4 18. Bg1 h5 19. Kc1 a6 20. Ne4 Nf6
21. Nxf6+ Bxf6 22. Bxh5 Bxc4 23. Rxe8+ Rxe8 24. Rxd6 Be2 25. Bxe2 Rxe2 26. c3 Re1+ 27. Rd1 Re2 28. Bc5 Rxh2 29. Rd7 Rh1+ 30. Kc2 Rh2+
31. Kb3 Rh5 32. Be3 Rb5+ 33. Kc2 Kf8 34. a4 Ke8 35. Rc7 Bd8 36. Rc8 Rd5 37. Rb8 b5 38. a5 Kd7 39. Rb7+ Ke6 40. b4 Rh5
41. Ra7 Rh3 42. Rxa6 Rxg3 43. Bd2 Kd6 44. Ra7 Rg1 45. Rxf7 Bf6 46. a6 Ra1 47. a7
1-0